书目信息 |
| 题名: |
国产集成电路应用500例
|
|
| 作者: | 周仲 编 | |
| 分册: | ||
| 出版信息: | 北京 电子工业出版社 1992.09 |
|
| 页数: | 649页 | |
| 开本: | 32开 | |
| 丛书名: | ||
| 单 册: | ||
| 中图分类: | TN409 | |
| 科图分类: | ||
| 主题词: | 微电子技术 , 集成电路 | |
| 电子资源: | ||
| ISBN: | 7-5053-1732-6 | |
| 000 | 00581nam0 2200205 45 | |
| 001 | 0004201420 | |
| 005 | 20000420145721.1 | |
| 010 | @a7-5053-1732-6@d13.50元 | |
| 100 | @a20000420d1992 km y0chiy0120 ea | |
| 101 | @achi | |
| 105 | @a z 000yy | |
| 200 | 1 | @a国产集成电路应用500例@AGuo Chan Ji Cheng Dian Lu Ying Yong 500 Li@f周仲编@FZhou Zhong Bian |
| 210 | @a北京@c电子工业出版社@d1992.09 | |
| 215 | @a649页@d32开 | |
| 606 | 0 | @a微电子技术 |
| 606 | 0 | @a集成电路 |
| 690 | @aTN409@v3 | |
| 701 | @a周仲@4编 | |
| 801 | @aCN@bPftUser@c20000420 | |
| 905 | @f1@b53532@dTN409@eZH.311 | |
| 国产集成电路应用500例/周仲编.-北京:电子工业出版社,1992.09 |
| 649页;32开 |
| ISBN 7-5053-1732-6:13.50元 |
| ● |
| 相关链接 |
|
|
|
正题名:国产集成电路应用500例
索取号:TN409/ZH.311
 
预约/预借
| 序号 | 登录号 | 条形码 | 馆藏地/架位号 | 状态 | 备注 |
| 1 | 53532 | 200535322 | 自科二线400A/400A自科库 7排1列3层/ [索取号:TN409/ZH.311] | 在馆 |